Peter Rabbit Little Learning Book / (Record no. 48668)
| 000 -LEADER | |
|---|---|
| fixed length control field | 00457nam a2200133 4500 |
| 020 ## - INTERNATIONAL STANDARD BOOK NUMBER | |
| International Standard Book Number | 9780723247937 |
| 100 ## - MAIN ENTRY--PERSONAL NAME | |
| Personal name | Potter, Beatrix, |
| Relator term | author. |
| 245 ## - TITLE STATEMENT | |
| Title | Peter Rabbit Little Learning Book / |
| Remainder of title | Base on the original and authorized stories. |
| Statement of responsibility, etc | By Beatrix Potter. |
| 260 ## - PUBLICATION, DISTRIBUTION, ETC. (IMPRINT) | |
| Place of publication, distribution, etc | England : |
| Name of publisher, distributor, etc | Frederick Warne Publishers Ltd. ; |
| Date of publication, distribution, etc | 2006. |
| 300 ## - PHYSICAL DESCRIPTION | |
| Extent | 144 pages. |
| Dimensions | 7.2 x 0.79 x 7.17 inches. |
| 650 ## - SUBJECT ADDED ENTRY--TOPICAL TERM | |
| 9 (RLIN) | 57609 |
| Topical term or geographic name as entry element | Numbers. |
| 650 #4 - SUBJECT ADDED ENTRY--TOPICAL TERM | |
| 9 (RLIN) | 4724 |
| Topical term or geographic name as entry element | Alphabet. |
| 942 ## - ADDED ENTRY ELEMENTS (KOHA) | |
| Source of classification or shelving scheme | |
| Koha item type | Book |
| Withdrawn status | Lost status | Source of classification or shelving scheme | Damaged status | Not for loan | Home library | Current library | Date acquired | Total Checkouts | Total Renewals | Full call number | Barcode | Date last seen | Date checked out | Price effective from | Koha item type |
|---|---|---|---|---|---|---|---|---|---|---|---|---|---|---|---|
| Logos International School | Logos International School | 03/19/2025 | 2 | 1 | E POT | 040537 | 02/04/2026 | 01/28/2026 | 03/19/2025 | Book |